Pays avec un point cardinal dans leurs noms - Statistiques

Statistiques générales
  • Ce quiz a été pris 55 fois
  • Le résultat moyen est 5 sur 6
Statistiques - réponses
Hint Réponse % Correct
N°5 Corée du Sud
96%
N°4 Corée du Nord
94%
N°1 Afrique du Sud
92%
N°3 Soudan du Sud
92%
N°2 Macédoine du Nord
76%
N°6 Timor oriental
29%
Aucun quiz correspondant
Distribution des résultats
% des personnes avec chaque résultat
Percentile par nombre de réponses
Votre historique - résultats
Vous n’avez pas pris ce quiz